<?xml version="1.0" encoding="UTF-8"?>
<record
    xmlns:xsi="http://www.w3.org/2001/XMLSchema-instance"
    xsi:schemaLocation="http://www.loc.gov/MARC21/slim http://www.loc.gov/standards/marcxml/schema/MARC21slim.xsd"
    xmlns="http://www.loc.gov/MARC21/slim">

  <leader>03902nmm a22004337a 4500</leader>
  <datafield tag="999" ind1=" " ind2=" ">
    <subfield code="c">6598</subfield>
    <subfield code="d">6598</subfield>
  </datafield>
  <controlfield tag="003">OSt</controlfield>
  <controlfield tag="005">20260325094102.0</controlfield>
  <controlfield tag="008">191018e        xxu|||||o||d| 00| 0 spa d</controlfield>
  <datafield tag="020" ind1=" " ind2=" ">
    <subfield code="a">9789507277658</subfield>
  </datafield>
  <datafield tag="040" ind1=" " ind2=" ">
    <subfield code="c">PJ</subfield>
  </datafield>
  <datafield tag="245" ind1="1" ind2="0">
    <subfield code="a">Revista Laboral :</subfield>
    <subfield code="b">aplicaci&#xF3;n judicial de las normas internacionales del trabajo /</subfield>
    <subfield code="c">Mario E. Ackerman director.</subfield>
  </datafield>
  <datafield tag="260" ind1=" " ind2=" ">
    <subfield code="a">Santa F&#xE9; :</subfield>
    <subfield code="b">Rubinzal Culzoni,</subfield>
    <subfield code="c">2025.</subfield>
  </datafield>
  <datafield tag="300" ind1=" " ind2=" ">
    <subfield code="a">680 p.</subfield>
    <subfield code="c">22 cm.</subfield>
  </datafield>
  <datafield tag="310" ind1=" " ind2=" ">
    <subfield code="a">semestral</subfield>
  </datafield>
  <datafield tag="362" ind1=" " ind2=" ">
    <subfield code="a">No.1 (2025) </subfield>
  </datafield>
  <datafield tag="505" ind1=" " ind2=" ">
    <subfield code="t">Aplicaci&#xF3;n judicial de las normas internacionales del trabajo en la experiencia comparada /</subfield>
    <subfield code="r"> Mario E. Ackerman.</subfield>
  </datafield>
  <datafield tag="505" ind1=" " ind2=" ">
    <subfield code="t">La corte interamericana de derechos humanos &#x201C;laboral&#x201D;: autonom&#xED;a y justiciabilidad directa del derecho del trabajo /</subfield>
    <subfield code="r">C&#xE9;sar Arese.</subfield>
  </datafield>
  <datafield tag="505" ind1=" " ind2=" ">
    <subfield code="t">Igualdad de oportunidades y de trato: derivaciones de los principios de igualdad y no discriminaci&#xF3;n. jurisprudencia de la corte suprema nacional /</subfield>
    <subfield code="r"> Teresita N. Saracho Cornet.</subfield>
  </datafield>
  <datafield tag="505" ind1=" " ind2=" ">
    <subfield code="t">Discriminaci&#xF3;n en raz&#xF3;n de g&#xE9;nero /</subfield>
    <subfield code="r"> Ver&#xF3;nica Nuguer y Mar&#xED;a Fabiana Sosa.</subfield>
  </datafield>
  <datafield tag="505" ind1=" " ind2=" ">
    <subfield code="t">La aplicaci&#xF3;n por los tribunales argentinos de instrumentos internacionales en materia de responsabilidades familiares /</subfield>
    <subfield code="r">Liliana Hebe Litterio.</subfield>
  </datafield>
  <datafield tag="505" ind1=" " ind2=" ">
    <subfield code="t">La jornada de trabajo y el tiempo de descanso en las normas internacionales y su aplicaci&#xF3;n en el derecho interno desde la perspectiva de las decisiones judiciales /</subfield>
    <subfield code="r">Silvia E. Pinto Varela.</subfield>
  </datafield>
  <datafield tag="505" ind1=" " ind2=" ">
    <subfield code="t">Las normas internacionales y su aplicaci&#xF3;n al derecho interno (argentina) desde la perspectiva de las decisiones judiciales - la edad para trabajar: convenios oit 138 y 182. recomendaciones 146 y 190 /</subfield>
    <subfield code="r">Mar&#xED;a Lucila Franzosi y Mar&#xED;a Dolores Ortiz.</subfield>
  </datafield>
  <datafield tag="505" ind1=" " ind2=" ">
    <subfield code="t">Reflexiones sobre el convenio 158 de la oit y sus efectos en el sistema jur&#xED;dico y social argentino /</subfield>
    <subfield code="r">Jorge El&#xED;as.</subfield>
  </datafield>
  <datafield tag="505" ind1=" " ind2=" ">
    <subfield code="t">La protecci&#xF3;n del cr&#xE9;dito laboral frente a la insuficiencia patrimonial, los convenios de la oit, sus recomendaciones y perspectivas /</subfield>
    <subfield code="r"> An&#xED;bal Cuadrado.</subfield>
  </datafield>
  <datafield tag="505" ind1=" " ind2=" ">
    <subfield code="t">La seguridad y la salud en el trabajo: convenios oit n&#xBA; 155, 161 y 187. protocolo n&#xBA; 155. recomendaciones n&#xBA; 164, 194 y 197 /</subfield>
    <subfield code="r"> Mart&#xED;n Morelli.</subfield>
  </datafield>
  <datafield tag="505" ind1=" " ind2=" ">
    <subfield code="t">El r&#xE9;gimen de riesgos del trabajo de las leyes 24.557, 26.773 y 27.348 frente a las normas de car&#xE1;cter internacional y la jurisprudencia de la corte suprema de justicia de la naci&#xF3;n /</subfield>
    <subfield code="r"> Miguel &#xC1;ngel Maza.</subfield>
  </datafield>
  <datafield tag="505" ind1=" " ind2=" ">
    <subfield code="t">Empleo p&#xFA;blico. convenio oit n&#xBA; 151. recomendaci&#xF3;n n&#xBA; 159. la problem&#xE1;tica de las condiciones de trabajo en las relaciones laborales en el sector p&#xFA;blico /</subfield>
    <subfield code="r"> Diego Marcelo Ledesma Iturbide.</subfield>
  </datafield>
  <datafield tag="505" ind1=" " ind2=" ">
    <subfield code="t">La corte suprema inaugura el modelo de representaci&#xF3;n dual argentino de los trabajadores en la empresa - comentario sobre el fallo &#x201C;sutepa&#x201D; /</subfield>
    <subfield code="r"> H&#xE9;ctor Omar Garc&#xED;a.</subfield>
  </datafield>
  <datafield tag="505" ind1=" " ind2=" ">
    <subfield code="t">Las normas internacionales y su aplicaci&#xF3;n a la representaci&#xF3;n sindical en la empresa /</subfield>
    <subfield code="r"> Ra&#xFA;l Horacio Ojeda.</subfield>
  </datafield>
  <datafield tag="505" ind1=" " ind2=" ">
    <subfield code="t">Las normas internacionales y su aplicaci&#xF3;n al derecho interno desde la perspectiva de las decisiones judiciales en materia de negociaci&#xF3;n colectiva /</subfield>
    <subfield code="r">Horacio Las Heras.</subfield>
  </datafield>
  <datafield tag="505" ind1=" " ind2=" ">
    <subfield code="t">Las normas internacionales referentes a la seguridad social y su aplicaci&#xF3;n al derecho interno desde la perspectiva de las decisiones judiciales /</subfield>
    <subfield code="r"> Graciela E. Cipolletta.</subfield>
  </datafield>
  <datafield tag="505" ind1=" " ind2=" ">
    <subfield code="t">Escenarios de &#x201C;hipervulnerabilidad&#x201D; en el derecho del trabajo a la luz de las decisiones judiciales que receptan las normas internacionales sobre tutela judicial efectiva /</subfield>
    <subfield code="r"> Diego J. Tula.</subfield>
  </datafield>
  <datafield tag="505" ind1=" " ind2=" ">
    <subfield code="t">S&#xED;ntesis de jurisprudencia /</subfield>
    <subfield code="r">r Diego Rodrigo Guirado - Colaborador: Nahuel Nehuen Espinillo.</subfield>
  </datafield>
  <datafield tag="650" ind1=" " ind2="0">
    <subfield code="9">1316</subfield>
    <subfield code="a">DERECHO LABORAL</subfield>
  </datafield>
  <datafield tag="650" ind1=" " ind2="0">
    <subfield code="9">4925</subfield>
    <subfield code="a">ORGANIZACION INTERNACIONAL DEL TRABAJO</subfield>
  </datafield>
  <datafield tag="700" ind1=" " ind2=" ">
    <subfield code="9">1423</subfield>
    <subfield code="a">Ackermann, Mario Eduardo</subfield>
    <subfield code="e">director</subfield>
  </datafield>
  <datafield tag="856" ind1=" " ind2=" ">
    <subfield code="u">https://www.rubinzal.com.ar/revistas/revista-de-derecho-laboral/5/?menupc=1</subfield>
    <subfield code="y">Revista Derecho Laboral </subfield>
  </datafield>
  <datafield tag="942" ind1=" " ind2=" ">
    <subfield code="2">udc</subfield>
    <subfield code="c">PP</subfield>
  </datafield>
  <datafield tag="952" ind1=" " ind2=" ">
    <subfield code="0">0</subfield>
    <subfield code="1">0</subfield>
    <subfield code="2">udc</subfield>
    <subfield code="4">0</subfield>
    <subfield code="7">0</subfield>
    <subfield code="a">DJS</subfield>
    <subfield code="b">DJS</subfield>
    <subfield code="d">2026-03-17</subfield>
    <subfield code="p">6769</subfield>
    <subfield code="r">2026-03-17</subfield>
    <subfield code="w">2026-03-17</subfield>
    <subfield code="y">PP</subfield>
  </datafield>
</record>
